banner koha

Influência do tráfego de veículos comerciais em rodovias vicinais não pavimentadas: estudo de caso aplicado à VCS 346, Viçosa, MG (Registro n. 230273)

MARC details
000 -LÍDER
campo de controle de tamanho fixo 01132nas a2200313 4500
001 - NÚMERO DE CONTROLE
campo de controle BR2013006008
003 - IDENTIFICADOR DO NÚMERO DE CONTROLE
campo de controle BR-BrBNA
005 - DATA E HORÁRIO DA ÚLTIMA TRANSAÇÃO
campo de controle 20231205122734.0
007 - CAMPO FIXO DE DESCRIÇÃO FÍSICA--INFORMAÇÃO GERAL
campo de controle de tamanho fixo ta
008 - CAMPO DE DADOS FIXOS--INFORMAÇÃO GERAL
campo de controle de tamanho fixo 230509b bl.|||p| |||| 00| 00por d
040 ## - FONTE DA CATALOGAÇÃO
Instituição da catalogação original BR-BrBNA
Idioma da catalogação por
Instituição que transcreveu o registro Biblioteca Nacional de Agricultura
041 ## - CÓDIGO DE IDIOMA
Código do idioma do texto/trilha sonora ou título diferente (Pt)
072 ## - CÓDIGO DE CATEGORIA DE ASSUNTO
Código de Categoria de Assunto P36
100 1# - ENTRADA PRINCIPAL--NOME PESSOAL
Nome pessoal Silva, T.O. da
100 1# - ENTRADA PRINCIPAL--NOME PESSOAL
Nome pessoal Carvalho, C.A.B. de
100 1# - ENTRADA PRINCIPAL--NOME PESSOAL
Nome pessoal Lima, D.C. de.
100 1# - ENTRADA PRINCIPAL--NOME PESSOAL
Nome pessoal Calijuri, M.L.
100 1# - ENTRADA PRINCIPAL--NOME PESSOAL
Nome pessoal Machado, C.C.
245 1# - TÍTULO
Título Influência do tráfego de veículos comerciais em rodovias vicinais não pavimentadas: estudo de caso aplicado à VCS 346, Viçosa, MG
246 1# - FORMA VARIANTE DO TÍTULO
Título/título abreviado Influence of traffic of commercial vehicles in unpaved secondary roads: a case study applied to the VCS 346, Viçosa, MG
650 ## - ASSUNTO--TERMO TÓPICO
Cabeçalho tópico ou nome geográfico SOLO
650 ## - ASSUNTO--TERMO TÓPICO
Cabeçalho tópico ou nome geográfico DANO MECÂNICO
650 ## - ASSUNTO--TERMO TÓPICO
Cabeçalho tópico ou nome geográfico VEÍCULO
650 ## - ASSUNTO--TERMO TÓPICO
Cabeçalho tópico ou nome geográfico PRESSÃO<br/>
773 0# - ENTRADA ANALÍTICA
Título Revista Árvore (Brazil)
ISSN - International Standard Serial Number ISSN 0100-6762<br/>
Partes relacionadas (May-Jun 2011), v. 35(3) p. 539-545
Número de controle do registro BR2013006008
856 4# - LOCALIZAÇÃO ELETRÔNICA E ACESSO
Uniform Resource Identifier <a href="http://www.scielo.br/pdf/rarv/v35n3/a16v35n3.pdf">http://www.scielo.br/pdf/rarv/v35n3/a16v35n3.pdf</a>
Texto de ligação Recurso eletrônico (PDF)
909 ## -
-- 202311
-- Lúcia
-- 55
-- Lúcia Elande
942 ## - ELEMENTOS DE ENTRADA ADICIONADOS (KOHA)
Fonte da classificação ou esquema de arquivamento na estante Classificação AGRIS
Ocultar no OPAC Não
Tipo de material Koha Analítica
Exemplares
Situação do descarte Fonte da classificação ou esquema de arquivamento na estante Situação física Não pode ser emprestado Biblioteca de origem Biblioteca atual Localização na estante Enumeração do periódico / cronologia Total de empréstimos Data de último acesso Número do exemplar Tipo de material Koha Fonte de aquisição
  Classificação AGRIS   Consulta local Biblioteca Nacional de Agricultura - Binagri Biblioteca Nacional de Agricultura - Binagri   (May-Jun 2011), v. 35(3) p. 539-545   29/11/2023 01 Periódicos Portaria Interministerial nº 164/94

BINAGRI

Telefone: (61)3218-2567/2388/3357/2097 - binagri@agro.gov.br

Ministério da Agricultura e Pecuária , Esplanada dos Ministérios, Bloco D, Anexo B, Brasília/DF, CEP: 70.043-900